Clip Angèle - Statistiques

Statistiques générales
  • Ce quiz a été pris 73 fois
    46 depuis la dernière actualisation
  • Le résultat moyen est 13 sur 18
Statistiques - réponses
Par images Réponse % Correct
Balance ton quoi
97%
Fever (ft Dua Lipa)
94%
La loi de Murphy
94%
Tout Oublier (ft Roméo Elvis)
91%
Jalousie
85%
Oui ou Non
85%
La Thune
82%
Démons (ft Damso)
79%
Flou
76%
Je veux tes yeux
76%
Libre
76%
Amour, Haine et Danger
71%
Bruxelles je t'aime
71%
Le temps fera les choses
59%
Plus de sens
47%
Sunflower (ft Tamino)
35%
Duo (ft Philippe Katerine)
32%
Sempre/Jamais (ft Mahmood)
29%
Aucun quiz correspondant
Distribution des résultats
% des personnes avec chaque résultat
Percentile par nombre de réponses
Votre historique - résultats
Vous n’avez pas pris ce quiz depuis la dernière actualisation